Teoretické a praktické aspekty pracovnej motivácie bakalárska práca

Guardado en:
Detalles Bibliográficos
Autor principal: Kubašová, Miroslava
Formato: Libro
Lenguaje:eslovaco
Publicado: Bratislava STU FCHPT 2013
Acceso en línea:Ver en el OPAC
Etiquetas: Agregar Etiqueta
Sin Etiquetas, Sea el primero en etiquetar este registro!

MARC

LEADER 00000nam a2200000 a 4500
005 20260127134314.0
008 131128 2013 000 0 slo d
035 |a vtls010561209 
039 9 |a 201312021058  |b mschk03  |c 201312021055  |d mschk03  |y 201311281128  |z mschk03 
040 |a STUSCHK1  |b slo  |c STUSCHK1  |e AACR2 
100 1 |a Kubašová, Miroslava 
245 1 |a Teoretické a praktické aspekty pracovnej motivácie  |b bakalárska práca  |c Miroslava Kubašová 
260 |a Bratislava  |b STU FCHPT  |c 2013 
300 |a 41 s.  |b il.  |c 30 cm 
500 |a Obhájené: júl 2013 
500 |a Štud. program: Automatizácia, informatizácia a manažment v chémii a potravinárstve 
500 |a Štud. odbor: Automatizácia, priemyselné inžinierstvo 
500 |a Škol. pracovisko: Odd. manažmentu chemických a potravinárskych technológií 
500 |a Evid. číslo: FCHPT-5415-44292 
910 |a SCHK95 
999 |c 9335  |d 9335